Central Library OPAC University of Rajshahi

Fundamental problems of philosophy : (Record no. 1456)

MARC details
000 -LEADER
fixed length control field 01046cam a2200313 4500
001 - CONTROL NUMBER
control field 1456
003 - CONTROL NUMBER IDENTIFIER
rucl marc code BD-RjUL
005 - DATE AND TIME OF LATEST TRANSACTION
control field 20211208233336.0
008 - FIXED-LENGTH DATA ELEMENTS--GENERAL INFORMATION
fixed length control field 1 s1970 ja a b 001 0 eng
035 ## - SYSTEM CONTROL NUMBER
System control number (BD-RjUL)1479
040 ## - CATALOGING SOURCE
Original cataloging agency DLC
Transcribing agency DLC
Modifying agency DLC
Language of cataloging eng
041 1# - LANGUAGE CODE
Language code of text/sound track or separate title eng
Language code of original jpn
082 00 - DEWEY DECIMAL CLASSIFICATION NUMBER
Classification number 100
Edition number 16
Author mark and year NIF 1970
100 1# - MAIN ENTRY--PERSONAL NAME
Personal name Nishida, Kitarō,
Dates associated with a name 1870-1945.
9 (RLIN) 4319
245 10 - TITLE STATEMENT
Title Fundamental problems of philosophy :
Remainder of title the world of action and the dialectical world /
Statement of responsibility, etc. Translated with an introduction by David A. Dilworth.
260 ## - PUBLICATION, DISTRIBUTION, ETC. (IMPRINT)
Place of publication, distribution, etc. Tokyo :
Name of publisher, distributor, etc. Sophia University,
Date of publication, distribution, etc. 1970
300 ## - PHYSICAL DESCRIPTION
Pagination 258 p. :
Illustrations illus. ;
Size 27 cm.
350 ## - PRICE (NR) (BK AM CF MU VM SE) [OBSOLETE]
Price 2,850
-- ($10.75)
490 1# - SERIES STATEMENT
Series statement A Monumenta Nipponica monograph
500 ## - GENERAL NOTE
General note Translation of Tetsugaku no kompon mondai.
504 ## - BIBLIOGRAPHY, ETC. NOTE
Bibliography, etc Includes bibliographical references.
650 ## - SUBJECT ADDED ENTRY--TOPICAL TERM
Topical term or geographic name as entry element Philosophy
9 (RLIN) 116280
710 2# - ADDED ENTRY--CORPORATE NAME
Corporate name or jurisdiction name as entry element Jōchi Daigaku.
9 (RLIN) 4320
830 #0 - SERIES ADDED ENTRY--UNIFORM TITLE
Uniform title Monumenta Nipponica monographs.
942 ## - ADDED ENTRY ELEMENTS (KOHA)
Source of classification or shelving scheme Dewey Decimal Classification
Koha item type Books
Holdings
Lost status Source of classification or shelving scheme Damaged status Not for loan Collection code Permanent Location Current Location Shelving location Date acquired Source of acquisition Cost, normal purchase price Total Checkouts Full call number Date last seen Copy number Koha item type
  Dewey Decimal Classification   Not For Loan Non-fiction Central Library, University of Rajshahi Central Library, University of Rajshahi Reading Room 26/04/1979 Japan Foundation 0.00   100 NIF 1970 25/11/2013 C-1 Books